ბათუმის შოთა რუსთაველის სახელმწიფო უნივერსიტეტის ბიბლიოთეკა

მოთხრობები,ნოველები, ესეები (ბიბ.ჩანაწერი № 41716)

000 -LEADER
fixed length control field 00720nam a2200205Ia 4500
001 - CONTROL NUMBER
control field 8396
003 - CONTROL NUMBER IDENTIFIER
control field GE_BSU
008 - FIXED-LENGTH DATA ELEMENTS--GENERAL INFORMATION
fixed length control field 181216s||||||||xx |||||||||||||| ||und||
040 ## - CATALOGING SOURCE
Transcribing agency GE_BSU
080 ## - UNIVERSAL DECIMAL CLASSIFICATION NUMBER
Universal Decimal Classification number 821.353.1-32+821.353.1-4
100 ## - MAIN ENTRY--PERSONAL NAME
Personal name ეგაძე, ოთარ
245 ## - TITLE STATEMENT
Title მოთხრობები,ნოველები, ესეები
245 ## - TITLE STATEMENT
Statement of responsibility, etc. რედ. დევი სტურუა, მხატვ. ვახტანგ გაბელაია
260 ## - PUBLICATION, DISTRIBUTION, ETC.
Place of publication, distribution, etc. თბილისი
260 ## - PUBLICATION, DISTRIBUTION, ETC.
Name of publisher, distributor, etc. ხელოვნება
260 ## - PUBLICATION, DISTRIBUTION, ETC.
Date of publication, distribution, etc. 1986
300 ## - PHYSICAL DESCRIPTION
Extent 374გვ.22სმ.
653 ## - INDEX TERM--UNCONTROLLED
Uncontrolled term მოთხრობები,ნოველები, ესეები
942 ## - ADDED ENTRY ELEMENTS (KOHA)
Koha item type წიგნი
ეგზემპლარები
Withdrawn status Lost status Damaged status Not for loan Date acquired Barcode Date last seen Price effective from Koha item type
        2018-12-17 30325 2018-12-17 2018-12-17 წიგნი